000 00508nam a2200181Ia 4500
001 19634
005 20260306172707.0
008 260306t2023||||xx |||||||||||||| ||spa||
041 _aESP
082 _a340.7
_bR11
100 _aRabbi-Baldi Cabanillas, Renato,
_eAUT
245 0 _aEnseñanza universitaria del derecho por el método de casos :
_bhistoria, propósitos y tipologías
260 _c2023
300 _a256 páginas :
_c23 cm.
650 _aGEN
654 _aCDE
942 _cLIB
_dJUS
_fJUS
_2ddc
_n
999 _c19634
_d19634